[Event "Scarborough CC-ch"]
[Site "Toronto CAN"]
[Date "2025.04.19"]
[Round "10.1"]
[White "Wang, Nathan"]
[Black "Kola, Venkat Karthikeya R"]
[Result "1/2-1/2"]
[WhiteElo "2099"]
[BlackElo "2228"]
[WhiteFideId "-1"]
[WhiteFideId "-1"]
[PlyCount "129"]
[GameId "2228657651878501"]
[EventDate "2025.04.17"]
[EventType "swiss"]
[EventRounds "10"]
[EventCountry "CAN"]

1. e4 c5 2. Nf3 d6 3. d4 cxd4 4. Nxd4 Nf6 5. Nc3 a6 6. Be3 e5 7. Nf3 Be7 8. Nd2 Qc7 9. Nc4 Nbd7 10. a4 Nc5 11. f3 Be6 12. a5 Rd8 13. Nd5 Nxd5 14. exd5 Bf5 15. Be2 O-O 16. O-O Bg6 17. b4 Nd7 18. Rc1 Rc8 19. c3 f5 20. Nb6 Nxb6 21. axb6 Qd7 22. f4 exf4 23. Bxf4 Bd8 24. Be3 Re8 25. Bd4 Bg5 26. Bd3 Qe7 27. Re1 Qf7 28. Qf3 Bxc1 29. Rxc1 f4 30. c4 Bh5 31. Qf2 Qxd5 32. Qxf4 Qf7 33. Qh4 Bg6 34. Bxg6 Qxg6 35. Qh3 Rxc4 36. Qb3 d5 37. Rxc4 dxc4 38. Qxc4+ Qf7 39. Qc3 Rf8 40. h3 h5 41. Be5 Rd8 42. Kh2 Qd7 43. Bc7 Rf8 44. Qc4+ Kh8 45. Qe4 Qc8 46. Qd5 Rf5 47. Qe4 Rb5 48. Kh1 a5 49. bxa5 Rxa5 50. Kh2 Rc5 51. Qe7 Rc6 52. Be5 Rg6 53. Bc7 Qe6 54. Qf8+ Kh7 55. Qf2 Qe4 56. Qb2 Rc6 57. Qa3 Rc2 58. Qg3 Ra2 59. Be5 Qg6 60. Qf3 Ra5 61. Bc7 Ra1 62. Qxb7 Qb1 63. Qf3 Qg1+ 64. Kg3 Qe1+ 65. Kh2 1/2-1/2

[Event "Scarborough CC-ch"]
[Site "Toronto CAN"]
[Date "2025.06.19"]
[Round "10.2"]
[White "Blakely, Matt"]
[Black "Yang, Larry"]
[Result "0-1"]
[WhiteElo "2079"]
[BlackElo "2093"]
[WhiteFideId "-1"]
[WhiteFideId "-1"]
[PlyCount "144"]
[GameId "2223893119510835"]
[EventDate "2025.04.17"]
[EventType "swiss"]
[EventRounds "10"]
[EventCountry "CAN"]

1. d4 Nf6 2. Nf3 g6 3. g3 Bg7 4. Bg2 O-O 5. c4 d5 6. Nc3 dxc4 7. Ne5 c5 8. dxc5 Qc7 9. Nxc4 Qxc5 10. Nd2 Rd8 11. O-O Nc6 12. Qa4 Be6 13. Nb3 Qh5 14. Qb5 Qxb5 15. Nxb5 Bc4 16. Nc3 Nd5 17. Nxd5 Bxd5 18. Bxd5 Rxd5 19. Rb1 a5 20. a4 b5 21. e4 Re5 22. Nd2 bxa4 23. Ra1 Rb5 24. Rxa4 Bxb2 25. Bxb2 Rxb2 26. Rc1 Ra6 27. Nc4 Rb4 28. Ra2 a4 29. Nd2 Nd4 30. Rc4 Rxc4 31. Nxc4 Nb5 32. Na3 Nc3 33. Rc2 Nxe4 34. Re2 Re6 35. Nb5 Nd6 36. Rxe6 fxe6 37. Nc3 a3 38. Kf1 e5 39. Ke2 Ne4 40. Na2 Kf7 41. Ke3 Nc5 42. Kd2 Ke6 43. Nb4 e4 44. Ke3 Nd3 45. Nc2 a2 46. f3 Ne1 47. Nd4+ Kf6 48. Nb3 Nc2+ 49. Kxe4 a1=Q 50. Nxa1 Nxa1 51. f4 Nb3 52. g4 Nc5+ 53. Ke3 Ne6 54. Ke4 Nxf4 55. Kxf4 e5+ 56. Kg3 g5 57. Kf3 Ke7 58. Ke3 Kd6 59. Ke4 Ke6 60. Ke3 Kd5 61. Kd3 e4+ 62. Ke3 Ke5 63. h3 h6 64. Ke2 Kf4 65. Kf2 e3+ 66. Ke2 Ke4 67. Ke1 Kf3 68. Kf1 e2+ 69. Ke1 Ke3 70. h4 gxh4 71. g5 h3 72. gxh6 h2 0-1

[Event "Scarborough CC-ch"]
[Site "Toronto CAN"]
[Date "2025.06.19"]
[Round "10.3"]
[White "Chen, Larry"]
[Black "Mutyalapati, Modith Aaroh"]
[Result "1/2-1/2"]
[WhiteElo "1958"]
[BlackElo "2232"]
[WhiteFideId "-1"]
[WhiteFideId "-1"]
[PlyCount "98"]
[GameId "2223849081604338"]
[EventDate "2025.04.17"]
[EventType "swiss"]
[EventRounds "10"]
[EventCountry "CAN"]

1. d4 e6 2. c4 Nf6 3. Nf3 d5 4. Nc3 Be7 5. Bg5 O-O 6. e3 b6 7. cxd5 exd5 8. Be2 Bb7 9. O-O Nbd7 10. Ne5 Nxe5 11. dxe5 Ne4 12. Nxe4 Bxg5 13. Nxg5 Qxg5 14. f4 Qe7 15. Bf3 Rad8 16. Qb3 Kh8 17. Rfd1 c6 18. a4 Ba6 19. a5 Bc4 20. Qc3 bxa5 21. Qxa5 Rd7 22. e4 d4 23. Bg4 Rdd8 24. Qxa7 Qh4 25. h3 h5 26. Rxd4 hxg4 27. Rxc4 gxh3 28. Qe3 hxg2 29. Kxg2 Qg4+ 30. Kf2 f5 31. Rg1 Qh4+ 32. Qg3 Rd2+ 33. Ke3 Qxg3+ 34. Rxg3 Rfd8 35. Rc3 fxe4 36. Kxe4 Rxb2 37. Rxc6 Rb4+ 38. Kf5 Rf8+ 39. Kg6 Rbxf4 40. Rc7 Rh4 41. Rxg7 Rg4+ 42. Kh6 Rf6+ 43. exf6 Rh4+ 44. Kg5 Rh5+ 45. Kf4 Rf5+ 46. Kg4 Rf4+ 47. Kh3 Rh4+ 48. Kg2 Rh2+ 49. Kf1 Rf2+ 1/2-1/2

[Event "Scarborough CC-ch"]
[Site "Toronto CAN"]
[Date "2025.06.19"]
[Round "10.4"]
[White "Southam, David"]
[Black "Pan, Julian"]
[Result "1-0"]
[WhiteElo "2037"]
[BlackElo "1870"]
[WhiteFideId "-1"]
[WhiteFideId "-1"]
[PlyCount "103"]
[GameId "2223772931774531"]
[EventDate "2025.04.17"]
[EventType "swiss"]
[EventRounds "10"]
[EventCountry "CAN"]

1. d4 d5 2. c4 e6 3. Nc3 Bb4 4. e3 Nf6 5. a3 Bxc3+ 6. bxc3 O-O 7. cxd5 exd5 8. Bd3 c5 9. Ne2 c4 10. Bc2 Nc6 11. O-O a5 12. a4 Re8 13. Ng3 Ne4 14. Nxe4 dxe4 15. Qe2 Qd5 16. f4 f5 17. Ba3 Na7 18. Rfb1 b5 19. Bc5 Bd7 20. axb5 Nxb5 21. Qe1 Reb8 22. Ra2 Bc6 23. Rba1 Qd8 24. Ba4 Kh8 25. Qd2 Bd5 26. Rb2 Nc7 27. Rab1 Ne6 28. Ba3 Qc7 29. Qc2 g5 30. Rxb8+ Rxb8 31. Rxb8+ Qxb8 32. g3 gxf4 33. gxf4 Qg8+ 34. Qg2 Qd8 35. Qb2 Qg8+ 36. Kf1 Qd8 37. Qg2 Qb8 38. Bc2 Qd8 39. Ke2 Qh4 40. Qg3 Qg4+ 41. Kd2 h5 42. Bd1 Qxg3 43. hxg3 Ng7 44. Bf8 Bf7 45. Bxg7+ Kxg7 46. Kc2 Kf6 47. Kb2 Ke6 48. Ka3 Kd5 49. Ka4 Be8+ 50. Kxa5 Kd6 51. Kb4 Kd5 52. Be2 1-0

[Event "Scarborough CC-ch"]
[Site "Toronto CAN"]
[Date "2025.06.19"]
[Round "10.6"]
[White "Bi, William"]
[Black "Sekaran, Adithya"]
[Result "1/2-1/2"]
[WhiteElo "1892"]
[BlackElo "1684"]
[WhiteFideId "-1"]
[WhiteFideId "-1"]
[PlyCount "85"]
[GameId "2223856069548331"]
[EventDate "2025.04.17"]
[EventType "swiss"]
[EventRounds "10"]
[EventCountry "CAN"]

1. e4 c6 2. d4 d5 3. exd5 cxd5 4. Bd3 Nc6 5. c3 Nf6 6. h3 g6 7. Nf3 Qc7 8. O-O Bg7 9. Re1 O-O 10. Nbd2 Bf5 11. Bxf5 gxf5 12. Nh4 e6 13. Qf3 Kh8 14. Nf1 Ne4 15. g4 fxg4 16. hxg4 Rg8 17. Qh3 Bf6 18. f3 Ng5 19. Bxg5 Bxg5 20. Re2 Bf4 21. Ng2 Bd6 22. Nfe3 Ne7 23. Kf2 Ng6 24. Rh1 Rg7 25. Ree1 a5 26. Rd1 a4 27. a3 Re8 28. Nh4 Nxh4 29. Qxh4 Bf4 30. Ng2 Bg5 31. Qh2 Qb6 32. Rb1 Qb3 33. f4 Be7 34. Ne3 Qb5 35. Rhd1 Qc6 36. Qh3 Bd6 37. f5 Bf4 38. Ng2 Bg5 39. Re1 Qd7 40. Qf3 Qe7 41. Rh1 Reg8 42. Rh2 Rg6 43. Rbh1 1/2-1/2

[Event "Scarborough CC-ch"]
[Site "Toronto CAN"]
[Date "2025.06.19"]
[Round "10.7"]
[White "Katz, Lyam"]
[Black "Zhao, Shannon"]
[Result "1-0"]
[WhiteElo "1826"]
[BlackElo "1649"]
[WhiteFideId "-1"]
[WhiteFideId "-1"]
[PlyCount "45"]
[GameId "2223776560089171"]
[EventDate "2025.04.17"]
[EventType "swiss"]
[EventRounds "10"]
[EventCountry "CAN"]

1. e4 c5 2. Nf3 d6 3. d4 cxd4 4. Qxd4 Nc6 5. Bb5 Bd7 6. Bxc6 Bxc6 7. Nc3 Nf6 8. Bg5 e6 9. O-O-O Be7 10. Rhe1 O-O 11. Kb1 h6 12. Bh4 a5 13. g4 Nxg4 14. Rg1 Bxh4 15. Rxg4 Bf6 16. Qe3 Kh8 17. Rg3 Qc7 18. Rh3 Kh7 19. Rg1 a4 20. Ng5+ Kg8 21. Rxh6 Bxg5 22. Qxg5 f6 23. Qh5 1-0

[Event "Scarborough CC-ch"]
[Site "Toronto CAN"]
[Date "2025.06.19"]
[Round "10.9"]
[White "Ma, Quentin"]
[Black "Mendoza, Armand Jess"]
[Result "1-0"]
[WhiteElo "1654"]
[BlackElo "1854"]
[WhiteFideId "-1"]
[WhiteFideId "-1"]
[PlyCount "139"]
[GameId "2223811082893403"]
[EventDate "2025.04.17"]
[EventType "swiss"]
[EventRounds "10"]
[EventCountry "CAN"]

1. e4 c5 2. Nf3 d6 3. d4 cxd4 4. Nxd4 Nf6 5. Nc3 a6 6. Bc4 e6 7. O-O Nbd7 8. Bg5 b5 9. Bb3 Nc5 10. f3 Be7 11. Nc6 Qb6 12. Nd4 Nxb3 13. axb3 e5 14. Bxf6 gxf6 15. Nd5 Qa7 16. c3 exd4 17. cxd4 Rg8 18. Qc2 Bd8 19. Qc3 Bh3 20. Nf4 Rc8 21. Qb4 Rc2 22. Rf2 Rxf2 23. Kxf2 Bd7 24. Nd5 a5 25. g3 Bc6 26. Qc3 Bxd5 27. exd5 Qc7 28. Re1+ Kd7 29. Qd3 Be7 30. Qxb5+ Kd8 31. Qa6 Rg5 32. Qa8+ Kd7 33. Qc6+ Qxc6 34. dxc6+ Kxc6 35. Rxe7 Rb5 36. Rxf7 Rxb3 37. Rxh7 Rxb2+ 38. Ke3 Rb3+ 39. Kf4 a4 40. Ra7 Kb5 41. h4 Rb4 42. h5 Rxd4+ 43. Kf5 Rd5+ 44. Kg4 Rg5+ 45. Kh4 d5 46. h6 Rg8 47. h7 Rh8 48. Kh5 Kb6 49. Re7 a3 50. Kg6 Ra8 51. Kg7 a2 52. Re1 Ra7+ 53. Kg6 Ra8 54. Ra1 Kc5 55. Rxa2 Rxa2 56. h8=Q Rg2 57. g4 d4 58. Qxf6 Kc4 59. Qe6+ Kb4 60. Qd6+ Kc3 61. Qc5+ Kd3 62. Kf5 Rc2 63. Qb5+ Kd2 64. Ke4 Rc3 65. Kxd4 Rxf3 66. Qb2+ Kd1 67. Qg2 Ra3 68. g5 Ra4+ 69. Kc3 Ra3+ 70. Kb4 1-0

[Event "Scarborough CC-ch"]
[Site "Toronto CAN"]
[Date "2025.06.19"]
[Round "10.10"]
[White "Pollitt, Henry"]
[Black "Anish, Diganth"]
[Result "1/2-1/2"]
[WhiteElo "1960"]
[BlackElo "1663"]
[WhiteFideId "-1"]
[WhiteFideId "-1"]
[PlyCount "135"]
[GameId "2223816904808636"]
[EventDate "2025.04.17"]
[EventType "swiss"]
[EventRounds "10"]
[EventCountry "CAN"]

1. e4 c5 2. Nf3 d6 3. Bb5+ Bd7 4. Bxd7+ Qxd7 5. O-O Nc6 6. c3 Nf6 7. Re1 g6 8. d4 cxd4 9. cxd4 e5 10. Nc3 Bg7 11. dxe5 dxe5 12. Nd5 Nxe4 13. Rxe4 O-O-O 14. Nb6+ axb6 15. Qxd7+ Rxd7 16. Be3 b5 17. Bb6 f5 18. Re2 e4 19. Ng5 Bd4 20. Bxd4 Nxd4 21. Re3 Kb8 22. Rc1 Rhd8 23. h4 h6 24. Nh3 Ne6 25. Rc2 g5 26. hxg5 hxg5 27. f3 Nd4 28. Rc5 exf3 29. gxf3 f4 30. Re4 Nxf3+ 31. Kf2 Nh4 32. Nxg5 Rd2+ 33. Re2 R2d5 34. Ne6 Rxc5 35. Nxc5 Rd5 36. Ne6 Rf5 37. Re4 Ng6 38. Ng7 Rd5 39. Re2 Rd4 40. Ne6 Rc4 41. b3 Rb4 42. Kf3 Nh4+ 43. Kf2 f3 44. Rd2 Rg4 45. Nd4 b4 46. Nxf3 Rf4 47. Rd3 Nxf3 48. Rxf3 Rd4 49. Ke3 Rh4 50. Rf2 Kc7 51. Rd2 Kc6 52. Kd3 Kb5 53. Kc2 b6 54. Kb2 Kc5 55. Rg2 Rd4 56. Kc2 Rd5 57. Rg4 Kb5 58. Rg8 Rc5+ 59. Kb2 Re5 60. Rc8 Re2+ 61. Kb1 Re1+ 62. Kb2 Re2+ 63. Rc2 Rxc2+ 64. Kxc2 Kc5 65. Kd3 Kd5 66. Ke3 Ke5 67. Kd3 Kd5 68. Ke3 1/2-1/2

[Event "Scarborough CC-ch"]
[Site "Toronto CAN"]
[Date "2025.06.19"]
[Round "10.11"]
[White "Satish Alwar, Dharsan"]
[Black "Nazareno, Merlin"]
[Result "1-0"]
[WhiteElo "1724"]
[BlackElo "1985"]
[WhiteFideId "-1"]
[WhiteFideId "-1"]
[PlyCount "67"]
[GameId "2223820976371911"]
[EventDate "2025.04.17"]
[EventType "swiss"]
[EventRounds "10"]
[EventCountry "CAN"]

1. d4 Nf6 2. Nf3 Nc6 3. e3 d5 4. Be2 Bg4 5. h3 Bh5 6. Nbd2 e6 7. a3 Be7 8. O-O O-O 9. b3 Ne4 10. Nxe4 dxe4 11. Ne5 Bxe2 12. Qxe2 Nxe5 13. dxe5 Qd5 14. Bb2 Rad8 15. Rfd1 Qc6 16. c4 a5 17. Bc3 Rxd1+ 18. Rxd1 Bxa3 19. Bxa5 Ra8 20. Bc3 b5 21. Bb2 Bxb2 22. Qxb2 bxc4 23. bxc4 Qxc4 24. Rc1 Qd5 25. Rxc7 h5 26. Qc3 Qd1+ 27. Kh2 Ra1 28. Qd4 Qg1+ 29. Kg3 h4+ 30. Kxh4 Qxf2+ 31. g3 g5+ 32. Kh5 Qxg3 33. Qd8+ Kg7 34. Qf6+ 1-0

[Event "Scarborough CC-ch"]
[Site "Toronto CAN"]
[Date "2025.06.19"]
[Round "10.12"]
[White "Jeyakumar, Yathushan"]
[Black "Balakrishnan, Shankar"]
[Result "1-0"]
[WhiteElo "1762"]
[BlackElo "1748"]
[WhiteFideId "-1"]
[WhiteFideId "-1"]
[PlyCount "113"]
[GameId "2223895341119803"]
[EventDate "2025.04.17"]
[EventType "swiss"]
[EventRounds "10"]
[EventCountry "CAN"]

1. e4 d6 2. d4 Nf6 3. Nc3 g6 4. Nf3 Bg4 5. h3 Bxf3 6. Qxf3 Nc6 7. Be3 Bg7 8. Bb5 O-O 9. O-O a6 10. Bxc6 bxc6 11. Rad1 Nd7 12. e5 d5 13. Qg3 e6 14. h4 h5 15. f4 Qe7 16. Ne2 Kh7 17. Qh3 f5 18. Kh1 c5 19. Rf3 c4 20. Rg3 Bh6 21. Ng1 a5 22. Nf3 a4 23. Ng5+ Bxg5 24. Rxg5 Rfb8 25. Bc1 c5 26. Qg3 Qf7 27. Qa3 cxd4 28. Rxd4 Qf8 29. Qg3 Qf7 30. Qa3 Nf8 31. Rd1 Qb7 32. Qc5 Rc8 33. Qa3 Kh6 34. Be3 Qc6 35. c3 Rab8 36. Rf1 Rb7 37. Rf3 Nh7 38. Rgg3 Rbc7 39. Bd4 Qe8 40. Bb6 Rc6 41. Bd4 Qd8 42. Rh3 Qa5 43. Rfg3 R8c7 44. Kh2 Qb5 45. Rf3 Rb7 46. Rf2 Kg7 47. Rg3 Rf7 48. Rff3 Kh6 49. Kh3 Nf8 50. Rg5 Nd7 51. Rfg3 Rg7 52. Be3 Nc5 53. Kh2 Ne4 54. Rxg6+ Rxg6 55. Qf8+ Kh7 56. Qf7+ Kh8 57. Rxg6 1-0

[Event "Scarborough CC-ch"]
[Site "Toronto CAN"]
[Date "2025.06.19"]
[Round "10.13"]
[White "Yamasaki, Dawson"]
[Black "Gaffney, Kevin"]
[Result "0-1"]
[WhiteElo "1657"]
[BlackElo "1625"]
[WhiteFideId "-1"]
[WhiteFideId "-1"]
[PlyCount "68"]
[GameId "2223829941528783"]
[EventDate "2025.04.17"]
[EventType "swiss"]
[EventRounds "10"]
[EventCountry "CAN"]

1. e4 e6 2. d4 d5 3. Nd2 dxe4 4. Nxe4 Bd7 5. Nf3 Bc6 6. Bd3 Nd7 7. O-O Ngf6 8. Ned2 Be7 9. a4 O-O 10. Ne5 Nxe5 11. dxe5 Qd5 12. Nf3 Ne4 13. Qe2 Ng5 14. Bxg5 Bxg5 15. Bc4 Qd8 16. Rfd1 Qe7 17. Nd4 Bd7 18. b4 Rad8 19. Nf3 Bh6 20. c3 Bc8 21. Bd3 Rd7 22. Qe4 g6 23. h4 f5 24. exf6 Qxf6 25. Re1 Rdf7 26. Bc4 Qxc3 27. Bxe6 Bxe6 28. Qxe6 Kh8 29. Rab1 Rf4 30. Rec1 Qg7 31. Rc5 R4f6 32. Qe2 Bf4 33. Ne5 b6 34. Rc6 Bxe5 0-1

[Event "Scarborough CC-ch"]
[Site "Toronto CAN"]
[Date "2025.06.19"]
[Round "10.15"]
[White "Gebhardt, David"]
[Black "Mesiti, Silvano"]
[Result "1/2-1/2"]
[WhiteElo "1606"]
[BlackElo "1563"]
[WhiteFideId "-1"]
[WhiteFideId "-1"]
[PlyCount "138"]
[GameId "2223935968659785"]
[EventDate "2025.04.17"]
[EventType "swiss"]
[EventRounds "10"]
[EventCountry "CAN"]

1. e4 e5 2. Nf3 d6 3. Bc4 Be7 4. d4 exd4 5. Nxd4 Nf6 6. Nc3 Nbd7 7. Bf4 Ne5 8. Bb5+ c6 9. Bxe5 dxe5 10. Nxc6 bxc6 11. Bxc6+ Bd7 12. Bxd7+ Qxd7 13. Qe2 O-O 14. O-O Qc6 15. Rad1 Rfd8 16. Kh1 Rxd1 17. Rxd1 Rd8 18. f3 Rxd1+ 19. Nxd1 Qd7 20. Ne3 g6 21. c3 Bd8 22. Nc4 Bc7 23. b3 Kg7 24. Kg1 Nh5 25. g3 Nf6 26. Kf1 Qh3+ 27. Ke1 Qe6 28. Qd2 Qd7 29. Ke2 Qxd2+ 30. Kxd2 Nd7 31. Ke2 Kf6 32. Ne3 Ke6 33. Nd5 Bd8 34. Kd3 Nb6 35. Ne3 Bc7 36. c4 Bd6 37. Kc3 a5 38. Nc2 Nd7 39. a3 Bc5 40. b4 axb4+ 41. axb4 Bg1 42. h3 Kd6 43. c5+ Nxc5 44. bxc5+ Kxc5 45. Kd3 h5 46. g4 hxg4 47. hxg4 Bh2 48. Ne3 Kd6 49. Kc4 Bf4 50. Ng2 Bg3 51. Ne3 Bf4 52. Ng2 Bg3 53. Ne3 Bf4 54. Nd5 Bg3 55. Kb5 Bh2 56. Nf6 Ke6 57. Nd5 Kd6 58. Ne3 Bf4 59. Nc4+ Ke6 60. Kc6 Bh2 61. Ne3 Bf4 62. Nd5 Bh2 63. Nc7+ Kf6 64. Kd7 Kg5 65. Ke7 Kf4 66. Kxf7 Kxf3 67. Kxg6 Kxg4 68. Nd5 Kf3 69. Nf6 Kf4 1/2-1/2

[Event "Scarborough CC-ch"]
[Site "Toronto CAN"]
[Date "2025.06.19"]
[Round "10.16"]
[White "Moran-Venegas, Mario"]
[Black "Kola, Venkata Saket Reddy"]
[Result "1-0"]
[WhiteElo "1704"]
[BlackElo "1658"]
[WhiteFideId "-1"]
[WhiteFideId "-1"]
[PlyCount "109"]
[GameId "2223842391591135"]
[EventDate "2025.04.17"]
[EventType "swiss"]
[EventRounds "10"]
[EventCountry "CAN"]

1. Nf3 Nf6 2. d4 d5 3. c4 c6 4. Nc3 dxc4 5. a4 Bf5 6. e3 e6 7. Bxc4 Bb4 8. O-O O-O 9. Qb3 Bxc3 10. bxc3 Qc7 11. Ba3 Rd8 12. h3 Nbd7 13. a5 b5 14. Be2 e5 15. Be7 Re8 16. Bxf6 gxf6 17. Nh4 Bg6 18. Qd1 exd4 19. cxd4 Rad8 20. Nxg6 fxg6 21. Qb3+ Kg7 22. Rfc1 a6 23. Bf3 c5 24. dxc5 Nxc5 25. Qc3 Re5 26. Rd1 Rde8 27. Rac1 Qe7 28. Qa3 Na4 29. Qxe7+ R8xe7 30. Rc6 R5e6 31. Rdd6 Rxd6 32. Rxd6 Nc5 33. Rc6 Re5 34. Kf1 b4 35. Rb6 b3 36. Bd1 Ne4 37. Bxb3 Nd2+ 38. Ke2 Nxb3 39. Rxb3 Rxa5 40. Rb7+ Kh6 41. Kf3 Ra2 42. g4 a5 43. Rf7 Kg5 44. Rxh7 f5 45. h4+ Kf6 46. g5+ Ke5 47. Rg7 Ra4 48. Kg3 Rg4+ 49. Kh3 a4 50. Rxg6 Re4 51. Ra6 f4 52. exf4+ Rxf4 53. Kg3 Rb4 54. g6 Rb3+ 55. f3 1-0

[Event "Scarborough CC-ch"]
[Site "Toronto CAN"]
[Date "2025.06.19"]
[Round "10.17"]
[White "Lim, Carl"]
[Black "Adulfo, Vincent Angel"]
[Result "1-0"]
[WhiteElo "1611"]
[BlackElo "1649"]
[WhiteFideId "-1"]
[WhiteFideId "-1"]
[PlyCount "51"]
[GameId "2223847841057002"]
[EventDate "2025.04.17"]
[EventType "swiss"]
[EventRounds "10"]
[EventCountry "CAN"]

1. d4 Nf6 2. c4 e6 3. Nf3 b6 4. Bg5 Be7 5. Nc3 Bb7 6. e3 O-O 7. Bd3 h6 8. Bxf6 Bxf6 9. O-O d5 10. Qe2 Nd7 11. Rfd1 Re8 12. Rac1 e5 13. dxe5 Nxe5 14. Nxe5 Rxe5 15. cxd5 Qe7 16. e4 Qd8 17. f4 Re8 18. Bb5 Rf8 19. e5 Bh4 20. Bc6 Qc8 21. Bxb7 Qxb7 22. Nb5 Rac8 23. Nd4 Be7 24. Qb5 Bc5 25. Rxc5 a6 26. Qb3 1-0

[Event "Spring Seniors"]
[Site "Winnipeg CAN"]
[Date "2025.04.04"]
[Round "1.1"]
[White "Rutter, Blair"]
[Black "Babb, Jeff"]
[Result "1/2-1/2"]
[WhiteElo "1865"]
[BlackElo "2045"]
[WhiteFideId "-1"]
[WhiteFideId "-1"]
[PlyCount "96"]
[GameId "2173905933398139"]
[EventDate "2025.04.04"]
[EventType "swiss"]
[EventRounds "4"]
[EventCountry "CAN"]

1. c4 e6 2. d4 Nf6 3. Nf3 b6 4. Nc3 Bb4 5. e3 O-O 6. Bd3 Bxc3+ 7. bxc3 Bb7 8. O-O d6 9. Re1 Re8 10. e4 e5 11. Bg5 h6 12. Bh4 Nbd7 13. Qc2 c5 14. d5 Nf8 15. h3 Ng6 16. Bg3 Bc8 17. Nh4 Nh5 18. Nxg6 fxg6 19. Re3 Rf8 20. Rf1 Bd7 21. Be2 Nf4 22. Qd1 Qe8 23. Bg4 g5 24. Bxf4 Bxg4 25. hxg4 Rxf4 26. f3 Qd7 27. g3 Rf6 28. Kg2 Raf8 29. Rh1 Qe8 30. Qc2 Qg6 31. Qe2 Qf7 32. Qd1 Qd7 33. Qc2 Kh7 34. Qd1 Kg6 35. Rh2 Kf7 36. Qb3 Ke7 37. Qb5 Kd8 38. Qa6 Qf7 39. Kh3 Rxf3 40. Rxf3 Qxf3 41. Qb7 Qf1+ 42. Rg2 Rf2 43. Qb8+ Ke7 44. Qc7+ Kf8 45. Qc8+ Kf7 46. Qe6+ Kf8 47. Qc8+ Ke7 48. Qe6+ Kf8 1/2-1/2

[Event "Spring Seniors"]
[Site "Winnipeg CAN"]
[Date "2025.04.04"]
[Round "1.2"]
[White "Boron, Anthony"]
[Black "Klokow, John"]
[Result "1/2-1/2"]
[WhiteElo "1985"]
[BlackElo "1787"]
[WhiteFideId "-1"]
[WhiteFideId "-1"]
[PlyCount "113"]
[GameId "2173905933422716"]
[EventDate "2025.04.04"]
[EventType "swiss"]
[EventRounds "4"]
[EventCountry "CAN"]

1. d4 Nf6 2. Bg5 g6 3. Nf3 Bg7 4. Nbd2 d5 5. e3 c5 6. Bb5+ Bd7 7. Bxd7+ Nbxd7 8. c3 O-O 9. O-O cxd4 10. cxd4 Qb6 11. Qb3 Rfe8 12. Rfc1 Rac8 13. Rc3 Qxb3 14. Rxb3 b6 15. Rc3 Rxc3 16. bxc3 Rc8 17. Rc1 b5 18. h3 Nb6 19. Rb1 a6 20. Rb3 Na4 21. Nb1 h6 22. Bxf6 Bxf6 23. Ne1 e6 24. Nd3 Be7 25. f3 f6 26. Kf2 Kf7 27. e4 g5 28. exd5 exd5 29. Nb2 Nb6 30. Nd3 Ke6 31. Nb4 a5 32. Nd3 b4 33. Nc5+ Bxc5 34. dxc5 Rxc5 35. cxb4 Rc2+ 36. Kg3 Rxa2 37. bxa5 Nc4 38. Nc3 Rxa5 39. Nb5 Ra2 40. Nd4+ Ke5 41. Nc6+ Kd6 42. Nd4 h5 43. h4 Rd2 44. Nb5+ Ke5 45. hxg5 fxg5 46. Na7 Re2 47. Nc6+ Kd6 48. Nd4 Rd2 49. Nb5+ Ke5 50. Na7 Kd4 51. Nc6+ Kc5 52. Na7 Rb2 53. Rd3 d4 54. Kh3 Rb8 55. Rxd4 Kxd4 56. Nc6+ Ke3 57. Nxb8 1/2-1/2

[Event "Spring Seniors"]
[Site "Winnipeg CAN"]
[Date "2025.04.04"]
[Round "1.3"]
[White "Greenberg, Harley"]
[Black "Kuryliw, Ray"]
[Result "1/2-1/2"]
[WhiteElo "1717"]
[BlackElo "1981"]
[WhiteFideId "-1"]
[WhiteFideId "-1"]
[PlyCount "185"]
[GameId "2173905933422717"]
[EventDate "2025.04.04"]
[EventType "swiss"]
[EventRounds "4"]
[EventCountry "CAN"]

1. e4 c6 2. d4 d5 3. e5 c5 4. Nc3 cxd4 5. Qxd4 e6 6. Nf3 Nc6 7. Bb5 Bd7 8. Bxc6 Bxc6 9. O-O Ne7 10. Bg5 h6 11. Qh4 Qc7 12. Bxe7 Bxe7 13. Qg3 O-O 14. Nd4 Qb6 15. Nce2 Bc5 16. c3 Bxd4 17. Nxd4 Qxb2 18. f4 Qb6 19. Kh1 Bd7 20. f5 Rac8 21. h4 exf5 22. h5 Qc5 23. Rac1 Qe7 24. Nxf5 Bxf5 25. Rxf5 Rc4 26. Rcf1 Qh4+ 27. Qh2 Qxh2+ 28. Kxh2 Rxc3 29. e6 f6 30. Rxd5 Re8 31. Re1 Re7 32. Rd8+ Kh7 33. Rd7 Rxd7 34. exd7 Rd3 35. Re7 b5 36. Kg1 a5 37. Kf1 b4 38. Ke2 Rd6 39. Ke3 a4 40. Re4 Rxd7 41. Rxb4 Ra7 42. Ke4 g6 43. hxg6+ Kxg6 44. Rb5 Rc7 45. Kd3 Rc1 46. Rb4 Rg1 47. Rxa4 Rxg2 48. a3 h5 49. Ra8 Kf5 50. Ke3 Rb2 51. Kf3 Rb3+ 52. Kg2 Kf4 53. Ra4+ Kg5 54. Ra5+ f5 55. Ra8 Kg4 56. Rg8+ Kf4 57. a4 Rb2+ 58. Kh3 Ra2 59. Ra8 Kf3 60. a5 f4 61. a6 Kf2 62. a7 f3 63. Kh4 Ra5 64. Kh3 Ra4 65. Rb8 Rxa7 66. Rb2+ Ke3 67. Rb3+ Ke4 68. Rb4+ Kf5 69. Rb3 Kf4 70. Rb4+ Kg5 71. Rb5+ Kg6 72. Kg3 Rf7 73. Kf2 h4 74. Rb3 h3 75. Rb6+ Kg5 76. Rb5+ Kg4 77. Rb4+ Rf4 78. Rb7 Rf5 79. Rg7+ Kf4 80. Rg3 h2 81. Rh3 Kg4 82. Rxh2 Rb5 83. Rh7 Rb2+ 84. Ke1 Rb5 85. Kf2 Rf5 86. Rg7+ Kf4 87. Rg3 Ke4 88. Rg4+ Rf4 89. Rg7 Rf5 90. Rg4+ Ke5 91. Rg3 Ke4 92. Rg4+ Rf4 93. Rg7 1/2-1/2

[Event "Spring Seniors"]
[Site "Winnipeg CAN"]
[Date "2025.04.04"]
[Round "1.4"]
[White "Lauritson, Jim"]
[Black "Melnyk, James"]
[Result "1-0"]
[WhiteElo "1878"]
[BlackElo "1653"]
[WhiteFideId "-1"]
[WhiteFideId "-1"]
[PlyCount "99"]
[GameId "2173905933430910"]
[EventDate "2025.04.04"]
[EventType "swiss"]
[EventRounds "4"]
[EventCountry "CAN"]

1. d4 d6 2. c4 e5 3. e4 Nf6 4. Nc3 Nbd7 5. Nf3 Be7 6. Be2 c6 7. O-O O-O 8. h3 Qc7 9. Bg5 Re8 10. Qc2 Nf8 11. Rad1 Ng6 12. Rd2 h6 13. Be3 Rd8 14. Rfd1 a6 15. dxe5 dxe5 16. Rxd8+ Bxd8 17. c5 Be6 18. b4 Be7 19. Nd2 Rd8 20. Nc4 Rxd1+ 21. Qxd1 Ne8 22. a4 h5 23. Nb6 h4 24. Bg4 Nf8 25. Bxe6 Nxe6 26. Qd2 Qd8 27. Qxd8 Bxd8 28. Nc4 Bc7 29. b5 axb5 30. axb5 f6 31. b6 Bb8 32. Na5 Nd8 33. Na2 Kf7 34. Nb4 Ke6 35. f3 Kd7 36. Kf2 Kc8 37. g3 hxg3+ 38. Kxg3 Ne6 39. Kg4 Nf4 40. Bxf4 exf4 41. Nd3 g5 42. h4 gxh4 43. Kxh4 Ng7 44. Kg4 Ne6 45. Nb3 Kd7 46. Kf5 Ke7 47. Na5 Nd4+ 48. Kg4 Ke6 49. Nxf4+ Ke5 50. Nc4# 1-0

[Event "Spring Seniors"]
[Site "Winnipeg CAN"]
[Date "2025.04.11"]
[Round "2.1"]
[White "Babb, Jeff"]
[Black "Lauritson, Jim"]
[Result "1-0"]
[WhiteElo "2045"]
[BlackElo "1878"]
[WhiteFideId "-1"]
[WhiteFideId "-1"]
[PlyCount "67"]
[GameId "2173905933439103"]
[EventDate "2025.04.04"]
[EventType "swiss"]
[EventRounds "4"]
[EventCountry "CAN"]

1. f4 d5 2. Nf3 g6 3. g3 Bg7 4. Bg2 Nh6 5. c3 c5 6. d3 Nc6 7. O-O d4 8. e4 dxe3 9. Bxe3 Qb6 10. b4 Nxb4 11. cxb4 Bxa1 12. Bxc5 Qa6 13. a4 Bf6 14. Na3 Bf5 15. Nb5 O-O 16. Nc7 Qxd3 17. Nxa8 Rxa8 18. Qxd3 Bxd3 19. Re1 e6 20. Ne5 Bxe5 21. fxe5 a5 22. Bxb7 Rb8 23. Be4 Bxe4 24. Rxe4 axb4 25. Rxb4 Rc8 26. Bd6 Kg7 27. a5 Nf5 28. a6 Rc1+ 29. Kf2 Ra1 30. Rb6 Ra2+ 31. Kf3 Rxh2 32. Rb8 Nd4+ 33. Ke4 Nc6 34. a7 1-0